Análisis Político - No.36 (Registro nro. 64081)
[ vista simple ]
| 000 -CABECERA | |
|---|---|
| campo de control de longitud fija | 00486nas a2200181 a 4500 |
| 001 - NÚMERO DE CONTROL | |
| campo de control | 64081 |
| 003 - IDENTIFICADOR DEL NÚMERO DE CONTROL | |
| campo de control | 136733 |
| 005 - FECHA Y HORA DE LA ÚLTIMA TRANSACCIÓN | |
| campo de control | 20230328192256.0 |
| 008 - DATOS DE LONGITUD FIJA--INFORMACIÓN GENERAL | |
| campo de control de longitud fija | ||||||s1999 ck ||| ||spa d |
| 040 ## - FUENTE DE LA CATALOGACIÓN | |
| Centro catalogador/agencia de origen | CO-BoESAP |
| Lengua de catalogación | spa |
| Centro/agencia transcriptor | CO-BoESAP |
| 041 ## - CÓDIGO DE LENGUA | |
| Código de lengua del texto/banda sonora o título independiente | spa |
| 245 #0 - MENCIÓN DE TÍTULO | |
| Título | Análisis Político - No.36 |
| 260 ## - PUBLICACIÓN, DISTRIBUCIÓN, ETC. | |
| Lugar de publicación, distribución, etc. | Bogotá : |
| Nombre del editor, distribuidor, etc. | Universidad Nacional de Colombia, |
| Fecha de publicación, distribución, etc. | 1999. |
| 562 ## - NOTA DE IDENTIFICACIÓN DE LA COPIA Y VERSIÓN | |
| Número de copias | 3 |
| 773 ## - ENLACE AL DOCUMENTO FUENTE/ENTRADA DE REGISTRO ANFITRIÓN | |
| Número bibliográfico anfitrión | 16715 |
| Encabezamiento principal | Análisis Político : |
| 942 ## - ELEMENTOS DE PUNTO DE ACCESO ADICIONAL (KOHA) | |
| Tipo de ítem Koha | Revista |
| Fuente del sistema de clasificación o colocación | Dewey Decimal Classification |
| Estado de retiro | Estado de pérdida | Estado dañado | No para préstamo | Código de colección | Localización permanente | Ubicación/localización actual | Coste, precio normal de compra | Total de préstamos | Código de barras | Número de copia | Tipo de ítem Koha | Fuente del sistema de clasificación o colocación | Fecha de adquisición | Fecha visto por última vez | Precio válido a partir de |
|---|---|---|---|---|---|---|---|---|---|---|---|---|---|---|---|
| Hemeroteca | Bogotá - Sede Central | Bogotá - Sede Central | 0.00 | 74552 | 1 | Revista | |||||||||
| Hemeroteca | Bogotá - Sede Central | Bogotá - Sede Central | 0.00 | 93119 | 2 | Revista | |||||||||
| Hemeroteca | Manizales - Sede Caldas | Manizales - Sede Caldas | CAL4867 | 4 | Revista | Dewey Decimal Classification | 28/03/2023 | 28/03/2023 | 28/03/2023 | ||||||
| Hemeroteca | Tunja - Sede Boyacá-Casanare | Tunja - Sede Boyacá-Casanare | 0.00 | BOY1457 | 3 | Revista |

